000 00410nam a22001817a 4500
003 OSt
005 20211008154710.0
008 211008b |||||||| |||| 00| 0 eng d
020 _a0256134510
040 _cHU
082 _a332.6
100 _aHIRT BIOCK
_911777
245 _aFUNDAMENTAIS OF INVESTMENT MANAGEMENT
250 _a4ED
260 _aUSA
_bINC
_c1993
300 _a787
942 _2ddc
_cBOOKS
_n0
999 _c10935
_d10935